[Event "Tata Steel-A 75th"]
[Site "Wijk aan Zee"]
[Date "2013.01.26"]
[Round "12"]
[White "Carlsen, Magnus"]
[Black "Nakamura, Hikaru"]
[Result "1-0"]
[WhiteElo "2861"]
[BlackElo "2769"]
[Annotator "Gormally,Daniel"]
[PlyCount "61"]
[EventDate "2013.01.12"]
[EventType "tourn"]
[EventRounds "13"]
[EventCountry "NED"]
[EventCategory "20"]
[SourceTitle "CBM 153"]
[Source "ChessBase"]
[SourceDate "2013.03.14"]
[SourceVersion "1"]
[SourceVersionDate "2013.03.14"]
[SourceQuality "1"]

{One of the most keenly awaited clashes in the chess world these days, is the quite regular battles between the Norwegian Wunderkind Magnus Carlsen, and the highly entertaining, often explosive, American player Hikaru Nakamura.  The only problem is from Nakamura's point of view, these clashes have become worryingly one-sided. For all Nakamura's incredible talent, he has yet to beat Carlsen in a classical game - a fact that must frustrate the American, who has defeated pretty much everyone else at the top of the world's elite at some time or another.  So you may ask, why is this clash so interesting? Well I think Nakamura brings out the best in Carlsen, as the American's ultra aggressive style tends to force Magnus into full combat from an early stage of the game, when most of the time the Norwegian is happy enough grinding away in an endgame.   Their round 12 clash in Wijk aan Zee was a good example of this - Nakamura played an adventurous opening, but Carlsen soon clamped down on his aggressive ideas, before quickly turning to his own deadly intentions.} 1. e4 {Boensch,Uwe} c5 2. Nf3 Nc6 3. d4 cxd4 4. Nxd4 e5 5. Nb5 d6 {Probably not the opening Carlsen was expecting, but Nakamura is very similar to Ivanchuk - he can play pretty much anything, and play it pretty well.} 6. g3 $1 {Very typical of Carlsen's style - he is not actively trying to refute openings, like a Kasparov, but rather just building up a slight advantage, before viciously outplaying the opposition in the middlegame and endgame. But beware of drawing him into a battle - just because his natural style is to grind, doesn't mean he can't mix it with the best of them.   Aware of the dangers of being ground down in 80 moves, Nakamura now lashes out with a spiky lunge on the kingside - however this is a risky strategy, as his king will never now be completely safe in any part of the board.} h5 $5 {I used to play some guy on the Internet chess club, in the one minute pool, who would thrust his h-pawn down the board at any opportunity. In fact he rarely bothered to wait this long, he would invariably start with 1..h5! (I think his name was something like Soong Loong, and he would gleefully mock me everytime he beat me with one of his horrible openings.)  Funnily enough his strategy was far more dangerous than it seemed at first glance - particularly when you only have 1 minute on your clock! Doubtless Nakamura himself has had to face down Soong Loong many times as well, as a one time regular visitor of the ICC.  In this particular example though you could argue that Nakamura's advance makes perfect sense- with White already commited to an early fianchetto - he is looking to soften up Carlsen's kingside and get some action going down the h-file.} (6... Be6 {was a more passive approach - if Black is not careful White will nurse a strategic advantage to the end of the game, due to the long-term hole on d5.} 7. Bg2 Be7 8. N1c3 Nf6 9. Nd5 O-O 10. O-O Qc8 11. a4 Qd7 12. Na3 Bh3 13. Bxh3 Qxh3 14. Be3 Rfd8 15. c3 h6 16. Qd3 Nxd5 17. Qxd5 Bg5 18. Rfe1 Rd7 19. Rad1 Ne7 20. Qb3 Bxe3 21. Rxe3 a6 22. Nc2 Qe6 23. Qxe6 fxe6 24. Red3 d5 25. Ne3 Rad8 26. Nc4 Ng6 27. a5 d4 28. Nb6 Rd6 29. h4 h5 30. Kf1 Kf7 31. Ke2 Ke7 32. b4 Nf8 33. Nc4 Rc6 34. Nxe5 Rxc3 35. Rxc3 dxc3 36. Rxd8 Kxd8 37. Kd3 Ke7 38. Kxc3 Kd6 39. Kd4 {1-0 Ivanchuk,V (2735)-Maidla,V (2370)/Tallinn 1996/CBM 050 ext}) ({RR} 6... Nf6 7. Bg5 Qa5+ 8. Bd2 Qd8 9. Bg5 a6 10. Bxf6 gxf6 11. N5c3 f5 12. Qh5 Nd4 13. Bc4 Nxc2+ 14. Kd1 Qc7 15. Nd2 Nxa1 16. Nd5 Qc5 17. b4 Qd4 18. Nc7+ Kd8 19. Nxa8 Be7 20. Re1 b5 21. Bxf7 {Mikalsen,E (2338)-Isik,A (2452) Oslo NOR 2024 0-1}) 7. N1c3 a6 8. Na3 b5 $146 (8... h4 9. Bg2 h3 $5 (9... Nf6 {keeping the tension, was also possible} 10. Bg5 hxg3 11. hxg3 Rxh1+ 12. Bxh1 Be7 {when Black seems fine}) 10. Bf1 b5 11. Nd5 Nce7 $6 {slightly eccentric play which backfires -} (11... Nf6 12. Bg5 Qa5+ 13. Bd2 Qd8 {and White probably has nothing better than returning to g5 with the bishop}) ({RR} 11... Be7 12. Be3 ({RR} 12. c4 b4 13. Nxb4 ({RR} 13. Nc2 Rb8) 13... Nxb4 14. Qa4+ Bd7 15. Qxb4 d5) 12... Rb8) 12. Bg5 f6 ({RR} 12... Qa5+) 13. Be3 Nxd5 ({RR} 13... Rb8) 14. Qxd5 Rb8 15. O-O-O Ne7 ({RR} 15... Bb7 16. Qe6+ ({RR} 16. Qd3 f5 17. f3 fxe4 18. fxe4 Nf6) 16... Qe7 17. Bxh3 ({RR} 17. Rxd6 Qxe6 18. Rxe6+ Kf7 19. Rb6 Bxa3 20. bxa3 Ne7) 17... Qxe6 18. Bxe6 Bxe4 19. Rhe1) 16. Qxd6 Qxd6 17. Rxd6 Nf5 18. Rb6 Rxb6 19. Bxb6 Nd6 20. f3 Be6 21. Bc5 Be7 22. Be2 Nb7 23. Bxe7 Kxe7 24. b3 Nd6 25. c3 g6 26. Nc2 a5 27. Rd1 f5 28. exf5 gxf5 29. Bf1 f4 30. gxf4 exf4 31. Nd4 Bd7 32. Ne2 Bc6 33. Nxf4 Bxf3 {1-0 Nunn,J (2600)-Short,N (2635)/Wijk aan Zee 1990/CBM 017}) ({RR} 8... h4 9. Bg2 h3 10. Bf1 b5 11. Nd5 Nce7 12. Bg5 f6 13. Be3 Nxd5 14. Qxd5 Rb8 15. O-O-O Ne7 16. Qxd6 Qxd6 17. Rxd6 Nf5 18. Rb6 Rxb6 19. Bxb6 Nd6 20. f3 Be6 21. Bc5 Be7 22. Be2 Nb7 23. Bxe7 {Nunn,J (2600)-Short,N (2635) Wijk aan Zee 1990 CBM 017 [Boensch,Uwe] 1-0 (33)}) 9. Nd5 {White now has ideas of playing e3 and c4 - threatening to make speedy progress on the queenside, a very typical strategy for White in these sorts of systems. By contrast, what aggressive plan can Black muster? Not such an easy question to answer, and even the ever-inventive Nakamura can't seem to provide an convincing recipe.} Nge7 10. Bg2 Bg4 $6 ({In the after game press conference, Carlsen explained that he expected} 10... Nxd5 11. exd5 Ne7 {which he seemed to think was fairly acceptable for Black.} 12. c4 Bd7 {and with ideas like ...h4 and also f5-d4 coming, Black is more than ok, although of course the game remains very sharp. Instead of this, Naka seems to "drift".}) 11. f3 Be6 12. c3 h4 13. Nc2 {Magnus is building up slowly, ignoring Black's aggressive intentions on the kingside - he doesn't believe that it's going to go anywhere. Before he commits to any actions on the queenside, he first takes the d4-square under control - now a4 is in the air.} Bxd5 $6 {This exchange is only risky for Black, as the light-square weaknesses in his position now become appreciable.} ({Black could of course exchange rooks on the h-file, but that would only work out in White's favour -} 13... hxg3 14. hxg3 Rxh1+ 15. Bxh1 {and now while White has ideas of playing a4, or even f4, Black really lacks a plan.}) ({It looks unpleasant, but perhaps} 13... f6 {with the idea of putting the king on f7 would have been the safest, as then} 14. f4 {is not particularly dangerous, as f5 will lead nowhere and the e5-square is solidly defended.}) 14. exd5 Na5 15. f4 $1 {Of course! Carlsen now switches to full Kasparov turbo boost mode, his intentions becoming every more aggressive with every passing move.} Nf5 $6 ({Carlsen felt that} 15... hxg3 16. hxg3 Rxh1+ 17. Bxh1 Qd7 {was more accurate, with the idea of ...h3.} 18. Bg2 exf4 19. Bxf4 Ng6 {seems ok for Black.}) 16. g4 $1 h3 17. Be4 Nh4 {Kasparov, commenting on the game afterwards, seemed to elude to the idea that this was the decisive error, suggesting that Black needed to play} (17... Qh4+ 18. Kf1 Ne7 ({The misguided attempt to "attack" with} 18... Nh6 19. g5 Ng4 {only backfires on Black, after} 20. Qe2 {White is already threatening f5, trapping the errant knight}) {However after the calm reply} 19. Qe2 {it is not obvious what Black's follow-up is.  In fact as we shall see, Black has not stepped over the line just yet.}) 18. O-O g6 19. Kh1 {A useful prophylatic move. Just in case, White tidies his king away.} Bg7 ({Carlsen was not afraid of} 19... f5 {indicating that after} 20. Bd3 e4 21. Be2 {Black's "initiative" has come to a halt and the weakness incurred on e6 is likely to become significant, with d4 coming.}) 20. f5 $5 {I admit that this probably wouldn't have been my choice, but then I'm not the world number one!} ({White had a number of useful options, including the immediate} 20. Nb4) 20... gxf5 21. gxf5 Ng2 $2 {But only this mistake really sends Black plummeting over the precipice. Nakamura tries to increase his control over the dark squares, but this turns out to be far too slow.} ({The game would have remained reasonably unclear after either} 21... Bf6) ({Or} 21... Bh6) 22. f6 $1 {Probably the single greatest reason why Carlsen has risen to such giddy heights lately, and now holds an unshakeable grip over the world number one spot.  Unlike other elite grandmasters, who occasionally let tactical mistakes by their opponents go by, Carlsen seems to have a shark-like ability to smell the blood in the water - and subsequently he will ruthlessly pounce on the slightest slip. This he has in common with the great champions of sport - like Federer, Messi and Woods - his ruthless streak and instinctive ability to sense when his opponent is weakening, and subsequently likely to make a mistake.  It would seem that Carlsen has Nakamura's "number" and seems to know exactly when the American will err. (talking about "having someone's number", I believe I've lost pretty much every blitz game I've ever played against Nakamura since he became a strong grandmaster, which just gives an example of the difference between these top guys and lesser mortals like myself.)  This impetuous pawn wanders deep into the black kingside, forcing the ignomonious retreat of the black bishop.} Bf8 {A sorry retreat, but there was little better.} ({Black loses material after} 22... Bxf6 23. Qf3 Rh4 24. Bg5 $1) ({And} 22... Bh6 {is no longer possible - White wins on the spot with} 23. Qh5 {as ...f6 is clearly no longer possible.}) 23. Qf3 {Looking at Black's useless knights on g2 and a5, the phrase "knights on the rim are dim" never seemed more pertinent. Completely devoid of any meaningful counterplay, all Black can do now is thrash around uselessly waiting for the killer blow.} Qc7 24. Nb4 Nb7 25. Nc6 {The final nail in Black's coffin. The knight on c6 and pawn on f6 form an unbreakable cage around the black king.} Nc5 26. Bf5 Nd7 27. Bg5 Rg8 28. Qh5 Nb6 29. Be6 Rxg5 30. Qxg5 fxe6 31. dxe6 1-0

[Event "Candidates Tournament"]
[Site "London"]
[Date "2013.03.19"]
[Round "4"]
[White "Carlsen, Magnus"]
[Black "Grischuk, Alexander"]
[Result "1-0"]
[WhiteElo "2872"]
[BlackElo "2764"]
[Annotator "Postny,Evgeny"]
[PlyCount "73"]
[EventDate "2013.03.15"]
[EventType "tourn"]
[EventRounds "14"]
[EventCountry "ENG"]
[EventCategory "22"]
[SourceTitle "CBM 154"]
[Source "ChessBase"]
[SourceDate "2013.05.15"]
[SourceVersion "1"]
[SourceVersionDate "2013.05.15"]
[SourceQuality "1"]

1. e4 e5 2. Nf3 Nc6 3. Bb5 Nf6 4. d3 {Avoiding the "Berlin endgame".} Bc5 5. c3 {A few months ago Carlsen tried 5.c3, but achieved nothing against the world champion.} (5. Nc3 d6 6. Na4 Bb6 7. Nxb6 axb6 8. c3 Bd7 9. Ba4 Ne7 10. Bc2 Ng6 11. h3 O-O 12. O-O h6 13. Re1 Re8 14. d4 Bc6 15. dxe5 dxe5 16. Qxd8 Rexd8 $11 {½-½ (61) Carlsen,M (2848)-Anand,V (2775) London 2012}) 5... O-O 6. O-O d6 7. h3 a6 {This is more a challenging continuation, inviting White to spoil the pawn structure, but to give up a good bishop. The solid alternative is to transfer the knight to g6.} (7... Ne7 8. d4 Bb6 9. Re1 Ng6 10. Bd3 Re8 11. Qc2 c6 12. Be3 d5 (12... Nh5 $5 $11 {[%cal Gh5f4]}) 13. dxe5 Nxe5 14. Nxe5 Rxe5 15. Bxb6 axb6 16. f4 Rh5 17. e5 Nd7 18. Qe2 Rh4 19. e6 Nc5 20. exf7+ Kxf7 21. Nd2 Nxd3 22. Qxd3 Rxf4 23. Qxh7 Bf5 24. Qh5+ Bg6 25. Qe5 Rf6 26. Nf3 Kg8 $11 {½-½ (43) Adams,M (2725)-Anand,V (2780) Baden-Baden 2013}) 8. Bxc6 bxc6 9. Re1 {Magnus decided not to hurry up with d3-d4 advance, but to complete the development at first.} (9. d4 Bb6 10. Re1 h6 11. Qc2 (11. dxe5 dxe5 12. Qa4 $5 {[%cal Gb1d2,Gd2c4] is worth being checked in practice.}) 11... Re8 12. Nbd2 exd4 13. cxd4 c5 $11 {1-0 (55) Karjakin,S (2786)-Grischuk,A (2764) Moscow 2013}) 9... Re8 10. Nbd2 d5 $6 $146 {This is strategically risky, as Black's pawn structure will be permanently damaged.} (10... Bb6 11. Nf1 h6 12. Ng3 Be6 13. Be3 Bxe3 (13... c5 14. d4 cxd4 15. cxd4 exd4 16. Bxd4 Rb8 {is playable for Black.}) 14. Rxe3 c5 15. Qc2 Nd7 16. d4 cxd4 17. cxd4 exd4 18. Nxd4 $14 {1-0 (55) Svidler,P (2741)-Navara,D (2706) Prague 2012}) 11. exd5 ({An immediate counterstrike in the centre was also an option to consider:} 11. d4 dxe4 12. Nxe5 Qd5 13. Ndc4 (13. Qc2 Bd6 14. Ndc4 (14. Nxe4 $4 Nxe4 15. Qxe4 Qxe4 16. Rxe4 f6 $19) 14... c5 $132) 13... Bf8 14. Bg5 Nd7 {Black has sufficient counterplay which compensates for his structural defects. His pair of bishops is also a factor.}) 11... Qxd5 12. Nb3 Bf8 (12... Ba7 13. Be3 c5 {is the engine suggestion, but it looks pretty ugly to close in the a7.}) 13. c4 Qd6 14. Be3 Nd7 15. d4 e4 16. Nfd2 a5 17. a4 {Preventing any further advance of Black's a-pawn and fixing it as a target.} f5 {From the strategic point of view Black's position is very bad, but he has counterchances on the kingside.} 18. c5 Qg6 $146 {This logical move is a serious mistake. It was necessary to retreat to e6, covering the c4-square against the knight move.} (18... Qe6 $1 19. Bf4 (19. Qc1 Nf6 20. Nc4 Nd5 $132) 19... Nf6 $1 {Black shouldn't spend time on protecting the weak pawn.} 20. Bxc7 Nd5 (20... Qf7 21. Be5 Be7 $44 {[%cal Gc8e6]}) 21. Be5 Qg6 (21... Nb4 22. f3 Nd3 23. fxe4 $1 Nxe1 24. Qxe1 fxe4 25. Qxe4 $14) 22. Nc4 f4 23. Kh2 f3 (23... Nb4 24. Nbd2 Nd3 25. Nxe4 Nxe1 26. Qxe1 f3 27. gxf3 Bxh3 28. Kxh3 Qe6+ 29. Kg2 Qxc4 30. Qc3 $14) 24. Rg1 Qh6 25. Qd2 Qh4 26. g4 Nf6 27. Ne3 g6 $44 {[%cal Gf8h6] An engine is not really bothered by Black's kingside initiative, but a human player would easily get frightened here as White.}) ({RR} 18... Qe6 19. Bf4 Nf6 20. Be5 Nd5 21. Nc4 Qg6 22. Qd2 Be7 23. Ra3 Bg5 24. Qe2 Bf4 25. Nbxa5 Bxe5 26. dxe5 Nf4 27. Qf1 Ba6 28. Rg3 Qe6 29. b3 Rad8 30. f3 Nd3 31. fxe4 Nxe1 32. Qxe1 fxe4 33. Qxe4 {Hansen,E (2581)-Moradiabadi,E (2551) Ottawa 2013 1-0 (43)}) ({RR} 18... Qe6 19. f3 Nf6 20. Bg5 Qd5 21. Bf4 Ba6 22. Be5 Bd3 23. fxe4 fxe4 24. Rc1 Rxe5 25. dxe5 Qxe5 26. Rc3 Qg5 27. Nf1 Rd8 28. Qd2 Qg6 29. Ne3 Nd5 30. Nxd5 Rxd5 31. Qe3 Rg5 32. Qf2 Rf5 33. Qe3 {Khukhashvili,S (2330)-Mikaelyan,A (2445) Tbilisi 2015 ½-½ (72)}) 19. Nc4 {[%csl Ra5]} (19. Bf4 Nf6 20. Nc4 {leads to the same position as in our game.}) 19... Nf6 20. Bf4 (20. Ne5 $2 {would fall into a nasty exchange sacrifice:} Rxe5 $1 21. dxe5 Nd5 22. Qd2 Rb8 23. Nd4 f4 24. Bxf4 Bxc5 {All Black's pieces are very active, he gets the material back.} 25. Rad1 Bb4 26. Qc1 Bxe1 27. Rxe1 Bxh3 28. Bg3 Bd7 $11) 20... Nd5 21. Qd2 Be6 (21... Qf6 22. Nbxa5 Nxf4 23. Qxf4 Qxd4 24. b4 Be6 25. Rac1 $16) 22. Nbxa5 Reb8 23. Ne5 Qf6 24. Bh2 ({It was possible to grab another pawn, but probably after} 24. Naxc6 Nxf4 25. Qxf4 Rxb2 {Magnus was concerned about the idea e6-d5 trapping the c6.} {The engine finds the way to keep the position winning by a subtle piece of tactics:} 26. Qc1 $1 Rb7 27. a5 Bd5 28. Rb1 Rxb1 29. Qxb1 {and the knight is taboo in view of b3+.}) 24... Rxa5 {A desperate tactical effort, but insufficient.} 25. Qxa5 Rxb2 26. Rab1 Ra2 27. Qa6 {This way the queen can help in the defence. White just needs to consolidate, his material advantage is enough for a win.} e3 (27... Nc3 28. Rbc1 $18) 28. fxe3 Qg5 29. Re2 Nxe3 (29... Rxe2 30. Qxe2 Nc3 31. Qd3 Nxb1 32. Nf3 Qh6 33. Bf4 Qh5 34. Qxb1 $18) 30. Nf3 Qg6 31. Rxa2 Bxa2 32. Rb2 Bc4 33. Qa5 Bd5 34. Qe1 $1 {Magnus is precise and merciless as usual, when it comes to the technical part of the game.} f4 35. Bxf4 Nc2 36. Qf2 Bxf3 37. Rxc2 1-0